<?xml version="1.0" encoding="UTF-8"?>
<record
    xmlns:xsi="http://www.w3.org/2001/XMLSchema-instance"
    xsi:schemaLocation="http://www.loc.gov/MARC21/slim http://www.loc.gov/standards/marcxml/schema/MARC21slim.xsd"
    xmlns="http://www.loc.gov/MARC21/slim">

  <leader>04019    a2200325   4500</leader>
  <controlfield tag="003">NALT</controlfield>
  <controlfield tag="005">20251107163045.0</controlfield>
  <controlfield tag="008">210325b        th ||||| |||| 00| 0 tha d</controlfield>
  <datafield tag="020" ind1=" " ind2=" ">
    <subfield code="a">9786161836474</subfield>
  </datafield>
  <datafield tag="040" ind1=" " ind2=" ">
    <subfield code="a">NALT</subfield>
  </datafield>
  <datafield tag="041" ind1="1" ind2=" ">
    <subfield code="a">tha</subfield>
    <subfield code="h">eng</subfield>
  </datafield>
  <datafield tag="050" ind1=" " ind2=" ">
    <subfield code="a">BF 481</subfield>
    <subfield code="b">&#xE01;269&#xE1E; 2563</subfield>
  </datafield>
  <datafield tag="100" ind1="1" ind2=" ">
    <subfield code="a">&#xE01;&#xE23;&#xE39;&#xE4A;&#xE0B;&#xE27;&#xE2D;&#xE0A;, &#xE1B;&#xE35;&#xE40;&#xE15;&#xE2D;&#xE23;&#xE4C; &#xE40;&#xE1F;&#xE25;&#xE34;&#xE04;&#xE2A;&#xE4C;</subfield>
    <subfield code="9">58801</subfield>
  </datafield>
  <datafield tag="245" ind1="1" ind2="0">
    <subfield code="a">Play work &#xE17;&#xE33;&#xE07;&#xE32;&#xE19;&#xE43;&#xE2B;&#xE49;&#xE2A;&#xE19;&#xE38;&#xE01;&#xE40;&#xE2B;&#xE21;&#xE37;&#xE2D;&#xE19;&#xE40;&#xE25;&#xE48;&#xE19; =</subfield>
    <subfield code="b">Purei waku : shigoto no seisansei ga gungun takamaru asobinagara hataraku hoho /</subfield>
    <subfield code="c">Piotr Feliks Grzywacz, &#xE40;&#xE02;&#xE35;&#xE22;&#xE19; ; &#xE1E;&#xE19;&#xE34;&#xE14;&#xE32; &#xE01;&#xE27;&#xE22;&#xE23;&#xE31;&#xE01;&#xE29;&#xE32;, &#xE41;&#xE1B;&#xE25;.</subfield>
  </datafield>
  <datafield tag="246" ind1="3" ind2="1">
    <subfield code="a">Purei waku : </subfield>
    <subfield code="b">shigoto no seisansei ga gungun takamaru asobinagara hataraku hoho.</subfield>
  </datafield>
  <datafield tag="250" ind1=" " ind2=" ">
    <subfield code="a">&#xE1E;&#xE34;&#xE21;&#xE1E;&#xE4C;&#xE04;&#xE23;&#xE31;&#xE49;&#xE07;&#xE41;&#xE23;&#xE01;</subfield>
  </datafield>
  <datafield tag="260" ind1=" " ind2=" ">
    <subfield code="a">&#xE01;&#xE23;&#xE38;&#xE07;&#xE40;&#xE17;&#xE1E;&#xE2F; : </subfield>
    <subfield code="b">&#xE0A;&#xE47;&#xE2D;&#xE23;&#xE4C;&#xE15;&#xE04;&#xE31;&#xE15;, </subfield>
    <subfield code="c">2563.</subfield>
  </datafield>
  <datafield tag="300" ind1=" " ind2=" ">
    <subfield code="a">183 &#xE2B;&#xE19;&#xE49;&#xE32; : </subfield>
    <subfield code="b">&#xE20;&#xE32;&#xE1E;&#xE1B;&#xE23;&#xE30;&#xE01;&#xE2D;&#xE1A; ;</subfield>
    <subfield code="c">18 &#xE0B;&#xE21;.</subfield>
  </datafield>
  <datafield tag="505" ind1="0" ind2=" ">
    <subfield code="a">Partial contents: Step 1 &#xE01;&#xE32;&#xE23;&#xE15;&#xE23;&#xE30;&#xE2B;&#xE19;&#xE31;&#xE01;&#xE23;&#xE39;&#xE49;&#xE43;&#xE19;&#xE15;&#xE19;&#xE40;&#xE2D;&#xE07; Self-awareness -- &#xE2D;&#xE32;&#xE0A;&#xE35;&#xE1E;&#xE2B;&#xE23;&#xE37;&#xE2D;&#xE15;&#xE33;&#xE41;&#xE2B;&#xE19;&#xE48;&#xE07;&#xE44;&#xE21;&#xE48;&#xE43;&#xE0A;&#xE48;&#xE04;&#xE38;&#xE13; -- &#xE1E;&#xE1A;&#xE1B;&#xE30;&#xE1C;&#xE39;&#xE49;&#xE04;&#xE19; &#xE40;&#xE2B;&#xE47;&#xE19;&#xE42;&#xE25;&#xE01;&#xE17;&#xE35;&#xE48;&#xE44;&#xE21;&#xE48;&#xE40;&#xE04;&#xE22;&#xE23;&#xE39;&#xE49;&#xE08;&#xE31;&#xE01;&#xE41;&#xE25;&#xE30;&#xE1B;&#xE25;&#xE14;&#xE1B;&#xE25;&#xE48;&#xE2D;&#xE22;&#xE15;&#xE31;&#xE27;&#xE40;&#xE2D;&#xE07; -- &#xE2D;&#xE22;&#xE48;&#xE32;&#xE21;&#xE2D;&#xE07;&#xE2B;&#xE32; "&#xE2A;&#xE34;&#xE48;&#xE07;&#xE17;&#xE35;&#xE48;&#xE2D;&#xE22;&#xE32;&#xE01;&#xE17;&#xE33;" "&#xE2A;&#xE34;&#xE48;&#xE07;&#xE17;&#xE35;&#xE48;&#xE0A;&#xE2D;&#xE1A;" &#xE08;&#xE32;&#xE01; "&#xE2A;&#xE34;&#xE48;&#xE07;&#xE17;&#xE35;&#xE48;&#xE17;&#xE33;&#xE44;&#xE14;&#xE49;" -- Step 2 &#xE01;&#xE32;&#xE23;&#xE40;&#xE1B;&#xE34;&#xE14;&#xE40;&#xE1C;&#xE22;&#xE15;&#xE31;&#xE27;&#xE15;&#xE19; Self-disclosure -- &#xE17;&#xE34;&#xE49;&#xE07;&#xE04;&#xE27;&#xE32;&#xE21;&#xE04;&#xE34;&#xE14;&#xE27;&#xE48;&#xE32;&#xE40;&#xE1B;&#xE47;&#xE19;&#xE1C;&#xE39;&#xE49;&#xE16;&#xE39;&#xE01;&#xE01;&#xE23;&#xE30;&#xE17;&#xE33; &#xE43;&#xE2B;&#xE49;&#xE04;&#xE34;&#xE14;&#xE27;&#xE48;&#xE32;&#xE40;&#xE23;&#xE32;&#xE40;&#xE1B;&#xE47;&#xE19;&#xE1C;&#xE39;&#xE49;&#xE25;&#xE07;&#xE21;&#xE37;&#xE2D;&#xE17;&#xE33; -- &#xE40;&#xE1B;&#xE34;&#xE14;&#xE40;&#xE1C;&#xE22;&#xE15;&#xE31;&#xE27;&#xE40;&#xE2D;&#xE07;&#xE40;&#xE1E;&#xE37;&#xE48;&#xE2D;&#xE25;&#xE49;&#xE32;&#xE07;&#xE04;&#xE27;&#xE32;&#xE21;&#xE40;&#xE0A;&#xE37;&#xE48;&#xE2D;&#xE40;&#xE01;&#xE48;&#xE32; &#xE46; &#xE41;&#xE25;&#xE30;&#xE01;&#xE25;&#xE32;&#xE22;&#xE40;&#xE1B;&#xE47;&#xE19; "&#xE04;&#xE19;&#xE41;&#xE1A;&#xE1A;&#xE17;&#xE35;&#xE48;&#xE15;&#xE31;&#xE27;&#xE40;&#xE2D;&#xE07;&#xE2D;&#xE22;&#xE32;&#xE01;&#xE40;&#xE1B;&#xE47;&#xE19;" -- &#xE2B;&#xE32;&#xE01;&#xE23;&#xE39;&#xE49;&#xE08;&#xE31;&#xE01;&#xE2A;&#xE21;&#xE32;&#xE0A;&#xE34;&#xE01;&#xE43;&#xE19;&#xE17;&#xE35;&#xE21;&#xE14;&#xE35;&#xE02;&#xE36;&#xE49;&#xE19; &#xE40;&#xE23;&#xE32;&#xE40;&#xE2D;&#xE07;&#xE01;&#xE47;&#xE22;&#xE34;&#xE48;&#xE07;&#xE17;&#xE33;&#xE07;&#xE32;&#xE19;&#xE07;&#xE48;&#xE32;&#xE22;&#xE02;&#xE36;&#xE49;&#xE19; -- Step 3 &#xE01;&#xE32;&#xE23;&#xE41;&#xE2A;&#xE14;&#xE07;&#xE04;&#xE27;&#xE32;&#xE21;&#xE40;&#xE1B;&#xE47;&#xE19;&#xE15;&#xE31;&#xE27;&#xE40;&#xE2D;&#xE07; Self-expression -- &#xE2B;&#xE32;&#xE01;&#xE2D;&#xE35;&#xE01;&#xE1D;&#xE48;&#xE32;&#xE22;&#xE23;&#xE39;&#xE49;&#xE2A;&#xE36;&#xE01;&#xE16;&#xE36;&#xE07; "&#xE04;&#xE38;&#xE13;&#xE04;&#xE48;&#xE32;" &#xE01;&#xE47;&#xE40;&#xE17;&#xE48;&#xE32;&#xE01;&#xE31;&#xE1A;&#xE44;&#xE14;&#xE49;&#xE23;&#xE31;&#xE1A;&#xE2A;&#xE34;&#xE48;&#xE07;&#xE15;&#xE2D;&#xE1A;&#xE41;&#xE17;&#xE19; -- &#xE02;&#xE2D;&#xE1A;&#xE40;&#xE02;&#xE15;&#xE02;&#xE2D;&#xE07;&#xE07;&#xE32;&#xE19;&#xE08;&#xE30;&#xE22;&#xE34;&#xE48;&#xE07;&#xE02;&#xE22;&#xE32;&#xE22;&#xE27;&#xE07;&#xE01;&#xE27;&#xE49;&#xE32;&#xE07; &#xE40;&#xE21;&#xE37;&#xE48;&#xE2D;&#xE04;&#xE34;&#xE14;&#xE2B;&#xE32;&#xE17;&#xE32;&#xE07;&#xE2A;&#xE48;&#xE07;&#xE21;&#xE2D;&#xE1A;&#xE40;&#xE1E;&#xE34;&#xE48;&#xE21;&#xE04;&#xE38;&#xE13;&#xE04;&#xE48;&#xE32;&#xE43;&#xE2B;&#xE49;&#xE44;&#xE14;&#xE49;&#xE40;&#xE1E;&#xE34;&#xE48;&#xE21;&#xE02;&#xE36;&#xE49;&#xE19;&#xE2D;&#xE35;&#xE01; -- &#xE40;&#xE21;&#xE37;&#xE48;&#xE2D;&#xE2D;&#xE2D;&#xE01;&#xE08;&#xE32;&#xE01;&#xE40;&#xE0B;&#xE1F;&#xE42;&#xE0B;&#xE19;&#xE02;&#xE2D;&#xE07;&#xE15;&#xE31;&#xE27;&#xE40;&#xE2D;&#xE07; &#xE40;&#xE23;&#xE32;&#xE08;&#xE30;&#xE44;&#xE14;&#xE49;&#xE1E;&#xE1A;&#xE01;&#xE31;&#xE1A;&#xE42;&#xE25;&#xE01;&#xE2D;&#xE35;&#xE01;&#xE43;&#xE1A;&#xE17;&#xE35;&#xE48;&#xE23;&#xE2D;&#xE2D;&#xE22;&#xE39;&#xE48; -- Step 4 &#xE01;&#xE32;&#xE23;&#xE44;&#xE14;&#xE49;&#xE1A;&#xE23;&#xE23;&#xE25;&#xE38;&#xE2A;&#xE34;&#xE48;&#xE07;&#xE17;&#xE35;&#xE48;&#xE15;&#xE31;&#xE27;&#xE40;&#xE2D;&#xE07;&#xE40;&#xE1B;&#xE47;&#xE19; Self-realization -- &#xE41;&#xE21;&#xE49;&#xE08;&#xE30;&#xE17;&#xE33;&#xE07;&#xE32;&#xE19;&#xE43;&#xE19;&#xE2D;&#xE07;&#xE04;&#xE4C;&#xE01;&#xE23;&#xE44;&#xE1B;&#xE14;&#xE49;&#xE27;&#xE22; &#xE01;&#xE47;&#xE2A;&#xE32;&#xE21;&#xE32;&#xE23;&#xE16;&#xE1A;&#xE23;&#xE23;&#xE25;&#xE38;&#xE2A;&#xE34;&#xE48;&#xE07;&#xE17;&#xE35;&#xE48;&#xE15;&#xE19;&#xE40;&#xE2D;&#xE07;&#xE40;&#xE1B;&#xE47;&#xE19;&#xE44;&#xE14;&#xE49; -- &#xE2B;&#xE19;&#xE17;&#xE32;&#xE07;&#xE2A;&#xE39;&#xE48;&#xE01;&#xE32;&#xE23;&#xE44;&#xE14;&#xE49;&#xE1A;&#xE23;&#xE23;&#xE25;&#xE38;&#xE04;&#xE27;&#xE32;&#xE21;&#xE04;&#xE27;&#xE32;&#xE21;&#xE40;&#xE1B;&#xE47;&#xE19;&#xE15;&#xE31;&#xE27;&#xE40;&#xE2D;&#xE07; &#xE01;&#xE23;&#xE13;&#xE35;&#xE02;&#xE2D;&#xE07;&#xE04;&#xE38;&#xE13;&#xE44;&#xE01; -- &#xE01;&#xE32;&#xE23;&#xE2A;&#xE19;&#xE38;&#xE01;&#xE01;&#xE31;&#xE1A;&#xE07;&#xE32;&#xE19;&#xE08;&#xE30;&#xE40;&#xE0A;&#xE37;&#xE48;&#xE2D;&#xE21;&#xE42;&#xE22;&#xE07;&#xE44;&#xE1B;&#xE2A;&#xE39;&#xE48;&#xE01;&#xE32;&#xE23;&#xE44;&#xE14;&#xE49;&#xE21;&#xE35;&#xE0A;&#xE35;&#xE27;&#xE34;&#xE15;&#xE2D;&#xE22;&#xE39;&#xE48;&#xE41;&#xE1A;&#xE1A;&#xE40;&#xE1B;&#xE47;&#xE19;&#xE15;&#xE31;&#xE27;&#xE40;&#xE2D;&#xE07; -- &#xE1A;&#xE17;&#xE2A;&#xE48;&#xE07;&#xE17;&#xE49;&#xE32;&#xE22;.</subfield>
  </datafield>
  <datafield tag="650" ind1=" " ind2="4">
    <subfield code="9">110</subfield>
    <subfield code="a">&#xE01;&#xE32;&#xE23;&#xE17;&#xE33;&#xE07;&#xE32;&#xE19;</subfield>
    <subfield code="x">&#xE41;&#xE07;&#xE48;&#xE08;&#xE34;&#xE15;&#xE27;&#xE34;&#xE17;&#xE22;&#xE32;</subfield>
  </datafield>
  <datafield tag="650" ind1=" " ind2="4">
    <subfield code="9">5759</subfield>
    <subfield code="a">&#xE04;&#xE27;&#xE32;&#xE21;&#xE2A;&#xE33;&#xE40;&#xE23;&#xE47;&#xE08;</subfield>
  </datafield>
  <datafield tag="650" ind1=" " ind2="4">
    <subfield code="9">42091</subfield>
    <subfield code="a">&#xE08;&#xE34;&#xE15;&#xE27;&#xE34;&#xE17;&#xE22;&#xE32;&#xE1B;&#xE23;&#xE30;&#xE22;&#xE38;&#xE01;&#xE15;&#xE4C;</subfield>
  </datafield>
  <datafield tag="650" ind1=" " ind2="4">
    <subfield code="9">58802</subfield>
    <subfield code="a">&#xE01;&#xE32;&#xE23;&#xE40;&#xE1B;&#xE34;&#xE14;&#xE40;&#xE1C;&#xE22;&#xE15;&#xE19;&#xE40;&#xE2D;&#xE07;</subfield>
  </datafield>
  <datafield tag="650" ind1=" " ind2="4">
    <subfield code="9">679</subfield>
    <subfield code="a">&#xE01;&#xE32;&#xE23;&#xE2A;&#xE33;&#xE19;&#xE36;&#xE01;&#xE15;&#xE19;&#xE40;&#xE2D;&#xE07;</subfield>
  </datafield>
  <datafield tag="700" ind1="1" ind2=" ">
    <subfield code="9">58804</subfield>
    <subfield code="a">Grzywacz, Piotr Feliks</subfield>
  </datafield>
  <datafield tag="700" ind1="0" ind2=" ">
    <subfield code="9">43879</subfield>
    <subfield code="a">&#xE1E;&#xE19;&#xE34;&#xE14;&#xE32; &#xE01;&#xE27;&#xE22;&#xE23;&#xE31;&#xE01;&#xE29;&#xE32;</subfield>
  </datafield>
  <datafield tag="850" ind1=" " ind2=" ">
    <subfield code="a">NALT</subfield>
  </datafield>
  <datafield tag="942" ind1=" " ind2=" ">
    <subfield code="2">lcc</subfield>
    <subfield code="c">GB</subfield>
  </datafield>
  <datafield tag="998" ind1=" " ind2=" ">
    <subfield code="a">phon</subfield>
    <subfield code="b">phon</subfield>
    <subfield code="c">phon</subfield>
    <subfield code="j">111</subfield>
    <subfield code="k"> &#xE19;&#xE32;&#xE07;&#xE2A;&#xE32;&#xE27;&#xE1E;&#xE08;&#xE1E;&#xE34;&#xE13;  &#xE1E;&#xE23;&#xE21;&#xE40;&#xE2D;&#xE35;&#xE48;&#xE22;&#xE21;</subfield>
  </datafield>
  <datafield tag="999" ind1=" " ind2=" ">
    <subfield code="c">98104</subfield>
    <subfield code="d">98104</subfield>
  </datafield>
  <datafield tag="952" ind1=" " ind2=" ">
    <subfield code="0">0</subfield>
    <subfield code="1">0</subfield>
    <subfield code="2">lcc</subfield>
    <subfield code="4">0</subfield>
    <subfield code="7">0</subfield>
    <subfield code="8">CGBL</subfield>
    <subfield code="a">NALT</subfield>
    <subfield code="b">NALT</subfield>
    <subfield code="c">GEN</subfield>
    <subfield code="d">2021-04-05</subfield>
    <subfield code="e">1</subfield>
    <subfield code="l">7</subfield>
    <subfield code="m">4</subfield>
    <subfield code="o">BF 481 &#xE01;269&#xE1E; 2563</subfield>
    <subfield code="p">3961211858</subfield>
    <subfield code="r">2025-11-20 00:00:00</subfield>
    <subfield code="s">2025-11-07</subfield>
    <subfield code="w">2021-04-05</subfield>
    <subfield code="y">GB</subfield>
  </datafield>
</record>
